[Event "GBR-ch blitz"]
[Site "Birmingham"]
[Date "2019.11.16"]
[Round "1"]
[White "Adair, James R"]
[Black "Rendle, Thomas"]
[Result "1-0"]
[WhiteElo "2484"]
[BlackElo "2461"]
[PlyCount "169"]
[EventDate "2019.11.16"]
[EventType "tourn (blitz)"]
[EventRounds "15"]
[EventCountry "ENG"]
[EventCategory "5"]
[SourceTitle "BritBase"]
[Source "John Saunders"]
[SourceDate "2024.03.28"]
[SourceVersion "1"]
[SourceVersionDate "2024.03.28"]
[SourceQuality "1"]

1. d4 f5 2. g3 Nf6 3. Bg2 e6 4. Nf3 d5 5. O-O Bd6 6. c4 c6 7. Nc3 O-O 8. Qc2
Ne4 9. Rb1 Nd7 10. b4 Ndf6 11. b5 Bd7 12. bxc6 bxc6 13. c5 Bc7 14. Bf4 Bxf4 15.
gxf4 Nxc3 16. Qxc3 Ne4 17. Qa3 Qc7 18. e3 Rab8 19. Ne5 Be8 20. Rb2 Rxb2 21.
Qxb2 g5 22. f3 gxf4 23. fxe4 fxe3 24. exf5 exf5 25. Qe2 f4 26. Qg4+ Qg7 27.
Rxf4 Rxf4 28. Qxf4 e2 29. Qe3 Bh5 30. Kf2 Qf6+ 31. Ke1 Qf5 32. Nf3 Qb1+ 33.
Kxe2 Qxa2+ 34. Qd2 Qb1 35. Qg5+ Bg6 36. Ne5 Qc2+ 37. Qd2 Qf5 38. Nxg6 hxg6 39.
Qd3 Qh5+ 40. Qf3 Qxh2 41. Kf2 Qh4+ 42. Ke3 Qe1+ 43. Qe2 Qc3+ 44. Qd3 Qe1+ 45.
Kf3 Kg7 46. Qe3 Qd1+ 47. Kg3 a5 48. Qe7+ Kh6 49. Qf8+ Kh7 50. Qe7+ Kh6 51. Qe3+
Kh7 52. Bf3 Qc2 53. Qe7+ Kh6 54. Qf8+ Kh7 55. Qe7+ Kh6 56. Qh4+ Kg7 57. Qf4 Qd3
58. Kh4 Qf1 59. Qe5+ Kh7 60. Qe7+ Kh6 61. Qf8+ Kh7 62. Qe7+ Kh6 63. Qg5+ Kh7
64. Qe3 a4 65. Kg5 a3 66. Qe7+ Kh8 67. Qe8+ Kg7 68. Qxg6+ Kf8 69. Qd6+ Kg8 70.
Qd8+ Kg7 71. Qf6+ Kh7 72. Qg6+ Kh8 73. Qe8+ Kg7 74. Qe5+ Kg8 75. Bg4 Qg1 76.
Qe8+ Kg7 77. Qe7+ Kg8 78. Qe6+ Kg7 79. Qd7+ Kg8 80. Kg6 Qb1+ 81. Bf5 Qg1+ 82.
Bg4 Qb1+ 83. Kf6 Qb8 84. Qf7+ Kh8 85. Qg7# 1-0

[Event "GBR-ch blitz"]
[Site "Birmingham"]
[Date "2019.11.16"]
[Round "1"]
[White "Beardsworth, Allan William"]
[Black "Willow, Jonah B"]
[Result "0-1"]
[WhiteElo "2144"]
[BlackElo "2187"]
[PlyCount "160"]
[EventDate "2019.11.16"]
[EventType "tourn (blitz)"]
[EventRounds "15"]
[EventCountry "ENG"]
[EventCategory "5"]
[SourceTitle "BritBase"]
[Source "John Saunders"]
[SourceDate "2024.03.28"]
[SourceVersion "1"]
[SourceVersionDate "2024.03.28"]
[SourceQuality "1"]

1. e4 c5 2. Nf3 Nc6 3. Be2 g6 4. O-O Bg7 5. d3 Nf6 6. c3 O-O 7. Nbd2 d6 8. a3
e5 9. h3 h6 10. b4 b6 11. Re1 Be6 12. Bb2 Nh5 13. Bf1 Nf4 14. Kh2 Qd7 15. b5
Ne7 16. d4 exd4 17. cxd4 g5 18. Rb1 g4 19. hxg4 Bxg4 20. dxc5 Bxb2 21. Rxb2
bxc5 22. Nc4 Rad8 23. Rd2 Bxf3 24. Qxf3 Nfg6 25. Rxd6 Qxb5 26. Rxd8 Rxd8 27.
Nd6 Qb8 28. Qxf7+ Kh8 29. Qf6+ Kh7 30. e5 Rf8 31. Qe6 Rxf2 32. Bd3 Qf8 33. Qg4
Rf4 34. Qg3 Rd4 35. Re4 Kg7 36. Rxd4 cxd4 37. Ne4 Qf4 38. e6 Qxg3+ 39. Kxg3 Ne5
40. Bb1 Nd5 41. Nc5 Kf6 42. Be4 Nc3 43. Bb7 Nb5 44. Kf4 Nd6 45. Bd5 Ng6+ 46.
Kg3 Ke5 47. Bb3 Nf5+ 48. Kf2 Nge7 49. Nd3+ Ke4 50. Nc5+ Kf4 51. Nd3+ Ke4 52. g3
h5 53. Nc5+ Ke5 54. Nd3+ Kd6 55. Nf4 Ng7 56. Ke2 Ke5 57. Kd3 h4 58. Ne2 h3 59.
g4 h2 60. Ng3 Kf4 61. Nh1 Nc6 62. Bd5 Ne5+ 63. Kxd4 Nxg4 64. e7 Nf5+ 65. Kc5
Nxe7 66. Bb7 Ke3 67. Kb5 Nf2 68. Nxf2 Kxf2 69. Ka6 Nf5 70. Kxa7 Ne3 71. Bh1 Kg1
72. Be4 Ng2 73. Bxg2 Kxg2 74. a4 h1=Q 75. a5 Qh7+ 76. Kb6 Qg6+ 77. Kb7 Qf7+ 78.
Kb8 Qe8+ 79. Kb7 Qd7+ 80. Kb8 Qb5+ 0-1

[Event "GBR-ch blitz"]
[Site "Birmingham"]
[Date "2019.11.16"]
[Round "1"]
[White "Camacho Collados, Jose"]
[Black "Haydon, David Leslie"]
[Result "1-0"]
[WhiteElo "2390"]
[BlackElo "2366"]
[PlyCount "89"]
[EventDate "2019.11.16"]
[EventType "tourn (blitz)"]
[EventRounds "15"]
[EventCountry "ENG"]
[EventCategory "5"]
[SourceTitle "BritBase"]
[Source "John Saunders"]
[SourceDate "2024.03.28"]
[SourceVersion "1"]
[SourceVersionDate "2024.03.28"]
[SourceQuality "1"]

1. Nf3 c6 2. g3 d5 3. Bg2 Nf6 4. O-O g6 5. c4 Bg7 6. cxd5 cxd5 7. d4 Nc6 8. Nc3
O-O 9. Bf4 Bf5 10. Rc1 Rc8 11. Ne5 Ne4 12. Nxe4 Bxe4 13. Nxc6 bxc6 14. f3 Bf5
15. g4 Bd7 16. b3 Qb6 17. Rc5 e5 18. Be3 exd4 19. Bxd4 Bxd4+ 20. Qxd4 Rfe8 21.
Kf2 Re7 22. Rd1 Rce8 23. Rc2 g5 24. h4 h6 25. hxg5 hxg5 26. Rd3 Bc8 27. Rdd2
Qxd4+ 28. Rxd4 Ba6 29. Rxc6 Rxe2+ 30. Kg3 Rxa2 31. Rxd5 Ree2 32. Bf1 Reb2 33.
Rxa6 Rxa6 34. Bxa6 Rxb3 35. Rxg5+ Kf8 36. Bc4 Rb4 37. Ba2 Rb2 38. Ra5 Rb7 39.
Ra6 Rc7 40. g5 Kg7 41. f4 Rc3+ 42. Kg4 Rc7 43. Rf6 a5 44. Ra6 Rc5 45. Ra7 1-0

[Event "GBR-ch blitz"]
[Site "Birmingham"]
[Date "2019.11.16"]
[Round "1"]
[White "D'Costa, Lorin AR"]
[Black "Tan, Justin Hy"]
[Result "1/2-1/2"]
[WhiteElo "2370"]
[BlackElo "2469"]
[PlyCount "125"]
[EventDate "2019.11.16"]
[EventType "tourn (blitz)"]
[EventRounds "15"]
[EventCountry "ENG"]
[EventCategory "5"]
[SourceTitle "BritBase"]
[Source "John Saunders"]
[SourceDate "2024.03.28"]
[SourceVersion "1"]
[SourceVersionDate "2024.03.28"]
[SourceQuality "1"]

1. d4 d5 2. Bf4 Nf6 3. e3 e6 4. Nd2 Bd6 5. Bg3 O-O 6. Bd3 c5 7. c3 Qc7 8. Ngf3
Nbd7 9. Qe2 e5 10. dxe5 Nxe5 11. Nxe5 Bxe5 12. Nf3 Bxg3 13. hxg3 h6 14. O-O-O
Bg4 15. Kb1 c4 16. Bc2 b5 17. Rd4 b4 18. Qd2 bxc3 19. Qxc3 Rab8 20. Rh4 Be6 21.
g4 Rb6 22. g5 hxg5 23. Nxg5 Rfb8 24. b3 Rc6 25. Qb2 cxb3 26. axb3 Rc8 27. Rd2
Qa5 28. Nxe6 fxe6 29. Ra4 Qc7 30. g4 Qh2 31. Ka2 Qg1 32. Bd3 Rc1 33. Rxa7 Qxg4
34. Rc2 R1xc2 35. Bxc2 Qb4 36. Ra4 Qb6 37. Bb1 Qd6 38. Qd4 e5 39. Qb2 Qe6 40.
Ra7 Rb8 41. Qa3 Rc8 42. Re7 Qg4 43. Qa7 Re8 44. Rxe8+ Nxe8 45. Qb8 Qe6 46. Bf5
Qxf5 47. Qxe8+ Kh7 48. Kb2 Qxf2+ 49. Ka3 Qf5 50. b4 Qd3+ 51. Ka4 Qa6+ 52. Kb3
Qc4+ 53. Ka3 Qd3+ 54. Ka4 Qc2+ 55. Ka5 Qa2+ 56. Kb6 Qc4 57. Qh5+ Kg8 58. Qe8+
Kh7 59. b5 Qe4 60. Qh5+ Kg8 61. Qe8+ Kh7 62. Qh5+ Kg8 63. Qe8+ 1/2-1/2

[Event "GBR-ch blitz"]
[Site "Birmingham"]
[Date "2019.11.16"]
[Round "1"]
[White "Ghasi, Ameet K"]
[Black "Arkell, Keith C"]
[Result "1-0"]
[WhiteElo "2582"]
[BlackElo "2464"]
[PlyCount "109"]
[EventDate "2019.11.16"]
[EventType "tourn (blitz)"]
[EventRounds "15"]
[EventCountry "ENG"]
[EventCategory "5"]
[SourceTitle "BritBase"]
[Source "John Saunders"]
[SourceDate "2024.03.28"]
[SourceVersion "1"]
[SourceVersionDate "2024.03.28"]
[SourceQuality "1"]

1. Nf3 d5 2. g3 Bg4 3. Bg2 Nd7 4. O-O c6 5. b3 Ngf6 6. Bb2 e6 7. d3 Bxf3 8.
Bxf3 Be7 9. e4 Qc7 10. exd5 cxd5 11. c4 O-O 12. Nc3 dxc4 13. dxc4 Rad8 14. Qe2
Rfe8 15. Rfd1 a6 16. Bg2 Bf8 17. Rd2 Nc5 18. Rad1 Rxd2 19. Rxd2 b6 20. Kf1 Rd8
21. Qd1 Rxd2 22. Qxd2 h6 23. Qd4 Ncd7 24. Ne2 Bc5 25. Qf4 Qxf4 26. Nxf4 Bd6 27.
Nd3 Kf8 28. Ke2 Ke7 29. Bb7 a5 30. Bc6 g5 31. h3 h5 32. Bd4 Bc5 33. Nxc5 bxc5
34. Bc3 Nb8 35. Bg2 a4 36. bxa4 Nfd7 37. a5 Na6 38. Bb7 Ndb8 39. Bf3 h4 40.
gxh4 gxh4 41. a3 f6 42. Bb7 e5 43. Ke3 Ke6 44. Bc8+ Ke7 45. Ke4 Nc7 46. f4 exf4
47. Kxf4 Kd8 48. Bb7 Ke7 49. Be1 Ne6+ 50. Kg4 Kd6 51. Bxh4 Ke5 52. a6 f5+ 53.
Kh5 Nf4+ 54. Kh6 Nxa6 55. Bg3 1-0

[Event "GBR-ch blitz"]
[Site "Birmingham"]
[Date "2019.11.16"]
[Round "1"]
[White "Greet, Andrew N"]
[Black "Gormally, Daniel"]
[Result "1-0"]
[WhiteElo "2425"]
[BlackElo "2555"]
[PlyCount "95"]
[EventDate "2019.11.16"]
[EventType "tourn (blitz)"]
[EventRounds "15"]
[EventCountry "ENG"]
[EventCategory "5"]
[SourceTitle "BritBase"]
[Source "John Saunders"]
[SourceDate "2024.03.28"]
[SourceVersion "1"]
[SourceVersionDate "2024.03.28"]
[SourceQuality "1"]

1. e4 c5 2. d4 cxd4 3. c3 Nf6 4. e5 Nd5 5. Qxd4 e6 6. Nf3 Nc6 7. Qe4 d6 8. Bb5
Bd7 9. O-O Nxe5 10. Bxd7+ Nxd7 11. c4 N7f6 12. Qd3 Ne7 13. Nc3 Nc6 14. Bf4 Be7
15. Rad1 O-O 16. Bxd6 Bxd6 17. Qxd6 Qxd6 18. Rxd6 Rfd8 19. Rfd1 Rxd6 20. Rxd6
Kf8 21. Kf1 Ke7 22. Rd1 Rc8 23. b3 a6 24. Ke2 Nb8 25. Ne5 Nbd7 26. Nxd7 Nxd7
27. Ne4 Rc6 28. Ke3 h6 29. Rc1 f5 30. Nd2 Ne5 31. h3 g5 32. b4 Rd6 33. Rc3 f4+
34. Ke2 Rd4 35. a3 Kf6 36. c5 h5 37. f3 Kf5 38. Ne4 Nf7 39. c6 bxc6 40. Rxc6
Ne5 41. Rxa6 Rd3 42. Ra7 Re3+ 43. Kd2 Nc4+ 44. Kd1 Nxa3 45. Ra5+ e5 46. Ra6
Rxe4 47. fxe4+ Kxe4 48. Rxa3 1-0

[Event "GBR-ch blitz"]
[Site "Birmingham"]
[Date "2019.11.16"]
[Round "1"]
[White "Pein, Jonathan"]
[Black "Turner, Matthew"]
[Result "0-1"]
[WhiteElo "2208"]
[BlackElo "2534"]
[PlyCount "44"]
[EventDate "2019.11.16"]
[EventType "tourn (blitz)"]
[EventRounds "15"]
[EventCountry "ENG"]
[EventCategory "5"]
[SourceTitle "BritBase"]
[Source "John Saunders"]
[SourceDate "2024.03.28"]
[SourceVersion "1"]
[SourceVersionDate "2024.03.28"]
[SourceQuality "1"]

1. e4 e5 2. Nf3 Nc6 3. Nc3 Nf6 4. d4 exd4 5. Nd5 Be7 6. Bf4 d6 7. Nxd4 O-O 8.
Nb5 Nxd5 9. exd5 Ne5 10. Be2 Bf6 11. Qd2 Ng6 12. Be3 Bxb2 13. Rb1 Bf6 14. Nxa7
Re8 15. Nxc8 Qxc8 16. c4 Nh4 17. O-O Qf5 18. Rxb7 Qe4 19. Bf3 Qxc4 20. Rc1
Nxf3+ 21. gxf3 Qh4 22. Rcxc7 Rf8 0-1

[Event "GBR-ch blitz"]
[Site "Birmingham"]
[Date "2019.11.16"]
[Round "1"]
[White "Sherwin, James T"]
[Black "Rush, Stephen"]
[Result "1/2-1/2"]
[WhiteElo "2227"]
[BlackElo "2006"]
[PlyCount "90"]
[EventDate "2019.11.16"]
[EventType "tourn (blitz)"]
[EventRounds "15"]
[EventCountry "ENG"]
[EventCategory "5"]
[SourceTitle "BritBase"]
[Source "John Saunders"]
[SourceDate "2024.03.28"]
[SourceVersion "1"]
[SourceVersionDate "2024.03.28"]
[SourceQuality "1"]

1. d4 e6 2. Nf3 Nf6 3. c4 Bb4+ 4. Nbd2 O-O 5. g3 b6 6. Bg2 Bb7 7. O-O d5 8. Qc2
Nbd7 9. a3 Be7 10. b4 Rc8 11. c5 c6 12. Rd1 Re8 13. e4 dxe4 14. Nxe4 Nxe4 15.
Qxe4 Nf6 16. Qe2 Nd5 17. Bb2 b5 18. Ne5 a5 19. Nd3 Bf6 20. h4 Qc7 21. h5 h6 22.
Be4 Ra8 23. Qg4 axb4 24. axb4 Rxa1 25. Rxa1 Ra8 26. Qd1 Qb8 27. Qb3 Rxa1+ 28.
Bxa1 Qa8 29. Bb2 Bc8 30. Kg2 Bd7 31. Bf3 Be8 32. Bd1 Bg5 33. Bc2 f5 34. Bd1 Bf6
35. Bf3 Bf7 36. Bxd5 exd5 37. Nf4 Qe8 38. Qd3 Bxh5 39. Qxf5 Bf7 40. Qd3 Bg5 41.
Bc1 Bxf4 42. Bxf4 Bg6 43. Qe3 Qe4+ 44. Qxe4 Bxe4+ 45. f3 Bg6 1/2-1/2

[Event "GBR-ch blitz"]
[Site "Birmingham"]
[Date "2019.11.16"]
[Round "2"]
[White "Arkell, Keith C"]
[Black "Sherwin, James T"]
[Result "1-0"]
[WhiteElo "2464"]
[BlackElo "2227"]
[PlyCount "91"]
[EventDate "2019.11.16"]
[EventType "tourn (blitz)"]
[EventRounds "15"]
[EventCountry "ENG"]
[EventCategory "5"]
[SourceTitle "BritBase"]
[Source "John Saunders"]
[SourceDate "2024.03.28"]
[SourceVersion "1"]
[SourceVersionDate "2024.03.28"]
[SourceQuality "1"]

1. d4 Nf6 2. Nf3 d5 3. c4 e6 4. cxd5 exd5 5. Nc3 c6 6. Bg5 Be7 7. e3 Bf5 8.
Bxf6 Bxf6 9. Bd3 Bxd3 10. Qxd3 O-O 11. b4 Nd7 12. b5 Rc8 13. O-O Nb6 14. bxc6
Rxc6 15. Ne2 Qd6 16. Rfc1 Rfc8 17. Rxc6 Rxc6 18. g3 g6 19. Rb1 Kg7 20. Nf4 Qc7
21. Qb5 Rc1+ 22. Rxc1 Qxc1+ 23. Kg2 Qc6 24. Qb3 a6 25. h4 h5 26. Ne1 Be7 27.
Ned3 Bd6 28. Kg1 Nc4 29. a4 Bxf4 30. Nxf4 b5 31. axb5 axb5 32. Qb4 Nb6 33. Qc5
Qxc5 34. dxc5 Na4 35. c6 b4 36. c7 Nb6 37. Nxd5 b3 38. Nxb6 b2 39. c8=Q b1=Q+
40. Kg2 Qxb6 41. Qc4 Qb7+ 42. Kg1 Qb1+ 43. Kh2 Qb2 44. Qd4+ Qxd4 45. exd4 Kf6
46. Kg2 1-0

[Event "GBR-ch blitz"]
[Site "Birmingham"]
[Date "2019.11.16"]
[Round "2"]
[White "Beardsworth, Allan William"]
[Black "Camacho Collados, Jose"]
[Result "0-1"]
[WhiteElo "2144"]
[BlackElo "2390"]
[PlyCount "124"]
[EventDate "2019.11.16"]
[EventType "tourn (blitz)"]
[EventRounds "15"]
[EventCountry "ENG"]
[EventCategory "5"]
[SourceTitle "BritBase"]
[Source "John Saunders"]
[SourceDate "2024.03.28"]
[SourceVersion "1"]
[SourceVersionDate "2024.03.28"]
[SourceQuality "1"]

1. e4 c5 2. Nf3 Nc6 3. Be2 g6 4. O-O Bg7 5. d3 d6 6. h3 Nf6 7. c3 O-O 8. Nbd2
Rb8 9. a3 b5 10. b4 a5 11. bxc5 dxc5 12. Bb2 Nd7 13. d4 Qb6 14. d5 Na7 15. Rb1
Ba6 16. a4 Qd6 17. axb5 Nxb5 18. Nc4 Qf4 19. Qc2 Nd6 20. Nxa5 Bxe2 21. Qxe2
Qxe4 22. Qxe4 Nxe4 23. Nc6 Rbe8 24. c4 e6 25. Bxg7 Kxg7 26. Rb7 Ndf6 27. Rd1
exd5 28. cxd5 Nc3 29. Rd2 Nfxd5 30. Nce5 Rb8 31. Rdb2 Rbc8 32. Ng5 Rc7 33. Rxc7
Nxc7 34. Nd7 Rd8 35. Nxc5 Rd1+ 36. Kh2 Rd5 37. Nge4 Nd1 38. Rd2 Rxd2 39. Nxd2
Nxf2 40. Kg3 Nd1 41. Kf3 Nc3 42. Nce4 Nxe4 43. Nxe4 f5 44. Nf2 Ne6 45. h4 Kf6
46. g4 Nd4+ 47. Ke3 Ne6 48. Kf3 Ng7 49. Kf4 Ne6+ 50. Kf3 Ke5 51. Nd3+ Kd4 52.
gxf5 gxf5 53. Nf4 Ke5 54. Nd3+ Kf6 55. Kg3 Kg6 56. Nf4+ Nxf4 57. Kxf4 Kf6 58.
Kf3 Ke5 59. Ke3 f4+ 60. Kf3 Kf5 61. h5 h6 62. Kf2 Kg4 0-1

[Event "GBR-ch blitz"]
[Site "Birmingham"]
[Date "2019.11.16"]
[Round "2"]
[White "Gormally, Daniel"]
[Black "Pein, Jonathan"]
[Result "1-0"]
[WhiteElo "2555"]
[BlackElo "2208"]
[PlyCount "69"]
[EventDate "2019.11.16"]
[EventType "tourn (blitz)"]
[EventRounds "15"]
[EventCountry "ENG"]
[EventCategory "5"]
[SourceTitle "BritBase"]
[Source "John Saunders"]
[SourceDate "2024.03.28"]
[SourceVersion "1"]
[SourceVersionDate "2024.03.28"]
[SourceQuality "1"]

1. e4 d5 2. exd5 Qxd5 3. Nf3 Bg4 4. Be2 Nc6 5. Nc3 Qd7 6. h3 Bh5 7. d3 O-O-O 8.
Be3 f6 9. a3 Bf7 10. d4 e5 11. dxe5 Qxd1+ 12. Rxd1 Rxd1+ 13. Bxd1 Nxe5 14. Nxe5
fxe5 15. Bg4+ Kb8 16. O-O Nf6 17. Rd1 Be7 18. Bf3 Rd8 19. Re1 Bg6 20. Bg5 h6
21. Bh4 Bxc2 22. Rxe5 Bd6 23. Re2 Bf5 24. Nd5 a6 25. Nxf6 gxf6 26. Bxf6 Rf8 27.
Bg7 Rf7 28. Re8+ Ka7 29. Bxh6 Bxh3 30. Be3+ c5 31. Rd8 Bc7 32. Bxc5+ Bb6 33.
Bxb6+ Kxb6 34. Rd4 Be6 35. Rd6+ 1-0

[Event "GBR-ch blitz"]
[Site "Birmingham"]
[Date "2019.11.16"]
[Round "2"]
[White "Haydon, David Leslie"]
[Black "Adair, James R"]
[Result "1-0"]
[WhiteElo "2366"]
[BlackElo "2484"]
[PlyCount "167"]
[EventDate "2019.11.16"]
[EventType "tourn (blitz)"]
[EventRounds "15"]
[EventCountry "ENG"]
[EventCategory "5"]
[SourceTitle "BritBase"]
[Source "John Saunders"]
[SourceDate "2024.03.28"]
[SourceVersion "1"]
[SourceVersionDate "2024.03.28"]
[SourceQuality "1"]

1. Nf3 c5 2. c4 Nf6 3. g3 b6 4. Bg2 Bb7 5. Nc3 e6 6. O-O Be7 7. d4 cxd4 8. Qxd4
O-O 9. b3 Na6 10. Bb2 Nc5 11. Rfd1 d6 12. Rac1 a6 13. Qd2 Qc7 14. Nd4 Rfd8 15.
Bxb7 Qxb7 16. Qe3 d5 17. cxd5 Nxd5 18. Nxd5 Rxd5 19. Nf3 Rad8 20. Rxd5 Qxd5 21.
Bd4 a5 22. Bxc5 Bxc5 23. Qc3 f6 24. Qc4 Qxc4 25. Rxc4 Rd1+ 26. Kg2 Kf7 27. Rc2
Ke7 28. Nd2 g5 29. Nc4 Rd5 30. e4 Rd4 31. e5 fxe5 32. Nxa5 bxa5 33. Rxc5 a4 34.
Rxe5 axb3 35. axb3 Kf6 36. Re3 Rd2 37. Rf3+ Ke7 38. h3 h6 39. Rc3 Rb2 40. Kf3
Kf6 41. Ke3 Ke5 42. Rc5+ Kf6 43. Rb5 Kg6 44. Rb6 Kf6 45. Kf3 Kf7 46. b4 Kf6 47.
Rb8 Kf5 48. b5 Rb3+ 49. Kg2 h5 50. b6 Kf6 51. b7 Kg7 52. Kf1 Rb2 53. Ke1 g4 54.
hxg4 hxg4 55. Kd1 e5 56. Kc1 Rb6 57. Kc2 e4 58. Kc3 Kh7 59. Kd4 Rb4+ 60. Ke5
Rb5+ 61. Kxe4 Rb4+ 62. Kf5 Kg7 63. Ke6 Rb6+ 64. Kd5 Rb1 65. Ke4 Rb4+ 66. Kf5
Kh7 67. Kf6 Rb6+ 68. Kf7 Rb2 69. Ke7 Kg7 70. Ke6 Rb6+ 71. Kf5 Rb4 72. Kg5 Kh7
73. Rf8 Rxb7 74. Kxg4 Kg7 75. Rf4 Kg6 76. Ra4 Kg7 77. f4 Kg6 78. Ra6+ Kg7 79.
Kg5 Rb3 80. g4 Rb5+ 81. f5 Rc5 82. Ra7+ Kf8 83. Kg6 Rc1 84. f6 1-0

[Event "GBR-ch blitz"]
[Site "Birmingham"]
[Date "2019.11.16"]
[Round "2"]
[White "Rendle, Thomas"]
[Black "D'Costa, Lorin AR"]
[Result "1/2-1/2"]
[WhiteElo "2461"]
[BlackElo "2370"]
[PlyCount "64"]
[EventDate "2019.11.16"]
[EventType "tourn (blitz)"]
[EventRounds "15"]
[EventCountry "ENG"]
[EventCategory "5"]
[SourceTitle "BritBase"]
[Source "John Saunders"]
[SourceDate "2024.03.28"]
[SourceVersion "1"]
[SourceVersionDate "2024.03.28"]
[SourceQuality "1"]

1. e4 c5 2. Nc3 a6 3. g3 b5 4. Bg2 Bb7 5. d3 d6 6. f4 g6 7. Nf3 Bg7 8. O-O Nf6
9. Qe2 O-O 10. h3 b4 11. Nd1 Nc6 12. Be3 Nd7 13. g4 a5 14. Rb1 e6 15. Nf2 Nd4
16. Qd1 a4 17. c3 Nxf3+ 18. Qxf3 f5 19. gxf5 exf5 20. Qe2 Qh4 21. cxb4 cxb4 22.
Rbc1 Rac8 23. Kh2 Nf6 24. Qd2 Rxc1 25. Rxc1 Nh5 26. Rc7 Ba8 27. Kg1 b3 28. axb3
axb3 29. Ra7 Bc6 30. Rc7 Ba8 31. Ra7 Bc6 32. Rc7 Ba8 1/2-1/2

[Event "GBR-ch blitz"]
[Site "Birmingham"]
[Date "2019.11.16"]
[Round "2"]
[White "Rush, Stephen"]
[Black "Greet, Andrew N"]
[Result "0-1"]
[WhiteElo "2006"]
[BlackElo "2425"]
[PlyCount "28"]
[EventDate "2019.11.16"]
[EventType "tourn (blitz)"]
[EventRounds "15"]
[EventCountry "ENG"]
[EventCategory "5"]
[SourceTitle "BritBase"]
[Source "John Saunders"]
[SourceDate "2024.03.28"]
[SourceVersion "1"]
[SourceVersionDate "2024.03.28"]
[SourceQuality "1"]

1. d4 d5 2. c4 e6 3. Nc3 Bb4 4. Nf3 Nf6 5. Bg5 dxc4 6. e3 b5 7. a4 c6 8. Be2
Bb7 9. O-O a6 10. Qc2 Nbd7 11. b3 Bxc3 12. Qxc3 Ne4 13. Qc2 Nxg5 14. Nxg5 Qxg5
0-1

[Event "GBR-ch blitz"]
[Site "Birmingham"]
[Date "2019.11.16"]
[Round "2"]
[White "Tan, Justin Hy"]
[Black "Ghasi, Ameet K"]
[Result "1-0"]
[WhiteElo "2469"]
[BlackElo "2582"]
[PlyCount "91"]
[EventDate "2019.11.16"]
[EventType "tourn (blitz)"]
[EventRounds "15"]
[EventCountry "ENG"]
[EventCategory "5"]
[SourceTitle "BritBase"]
[Source "John Saunders"]
[SourceDate "2024.03.28"]
[SourceVersion "1"]
[SourceVersionDate "2024.03.28"]
[SourceQuality "1"]

1. e4 d6 2. d4 Nf6 3. Nc3 g6 4. Nf3 Bg7 5. Be2 O-O 6. O-O a6 7. a4 b6 8. e5
dxe5 9. Nxe5 Bb7 10. Bf3 Qc8 11. a5 b5 12. Be3 Rd8 13. Qe2 Rd6 14. Rfd1 Nc6 15.
Nxc6 Bxc6 16. d5 Bb7 17. Bc5 Rd8 18. Rd3 Qf5 19. Rad1 Rd7 20. g4 Qg5 21. Bxe7
Qf4 22. Rd4 Qh6 23. d6 cxd6 24. Bxb7 Rxb7 25. Qf3 Rxe7 26. Qxa8+ Re8 27. Qxa6
b4 28. Rxb4 Qg5 29. Qb5 d5 30. Nxd5 Re5 31. Nxf6+ Bxf6 32. Qb8+ Kg7 33. a6 Ra5
34. a7 Be5 35. a8=Q Bxb8 36. Qxb8 Re5 37. Qb7 h5 38. Qg2 h4 39. h3 Qe7 40. c3
Re2 41. Qf3 Re5 42. Rbd4 Qe6 43. Rd6 Qe7 44. Rd7 Qe6 45. R1d6 Re1+ 46. Kg2 1-0

[Event "GBR-ch blitz"]
[Site "Birmingham"]
[Date "2019.11.16"]
[Round "2"]
[White "Willow, Jonah B"]
[Black "Turner, Matthew"]
[Result "1-0"]
[WhiteElo "2187"]
[BlackElo "2534"]
[PlyCount "119"]
[EventDate "2019.11.16"]
[EventType "tourn (blitz)"]
[EventRounds "15"]
[EventCountry "ENG"]
[EventCategory "5"]
[SourceTitle "BritBase"]
[Source "John Saunders"]
[SourceDate "2024.03.28"]
[SourceVersion "1"]
[SourceVersionDate "2024.03.28"]
[SourceQuality "1"]

1. e4 e5 2. Nf3 Nc6 3. Nc3 Nf6 4. Bb5 Bb4 5. O-O O-O 6. d3 d6 7. Bg5 Bxc3 8.
bxc3 Qe7 9. Re1 Nd8 10. d4 Ne6 11. Bc1 a6 12. Bd3 Nd7 13. a4 c5 14. d5 Nf4 15.
Bf1 Ng6 16. Nd2 h6 17. Nc4 b6 18. Rb1 Rb8 19. g3 b5 20. axb5 Rxb5 21. Rxb5 axb5
22. Na5 b4 23. Nc6 Qf6 24. cxb4 cxb4 25. Be3 Bb7 26. Qd2 Ne7 27. Nxe7+ Qxe7 28.
Qxb4 Bc8 29. c4 Kh7 30. Ra1 g6 31. Qd2 h5 32. Bh3 f5 33. exf5 gxf5 34. Bg5 Qg7
35. Ra7 f4 36. Bh4 Qg6 37. Qd1 Rf7 38. Be6 Rg7 39. Kg2 e4 40. f3 Ne5 41. Rxg7+
Qxg7 42. fxe4 Bxe6 43. Qxh5+ Kg8 44. Qe8+ Kh7 45. Qxe6 Nxc4 46. Qf5+ Kg8 47.
Qc8+ Kh7 48. Qxc4 Qg4 49. Qf1 fxg3 50. hxg3 Qxe4+ 51. Qf3 Qc2+ 52. Kh3 Qb1 53.
Qf7+ Kh6 54. Qf8+ Kg6 55. Qf6+ Kh7 56. Qe7+ Kg6 57. Qxd6+ Kf5 58. Qf6+ Ke4 59.
Qg6+ Kf3 60. Qxb1 1-0

[Event "GBR-ch blitz"]
[Site "Birmingham"]
[Date "2019.11.16"]
[Round "3"]
[White "Adair, James R"]
[Black "Beardsworth, Allan William"]
[Result "0-1"]
[WhiteElo "2484"]
[BlackElo "2144"]
[PlyCount "140"]
[EventDate "2019.11.16"]
[EventType "tourn (blitz)"]
[EventRounds "15"]
[EventCountry "ENG"]
[EventCategory "5"]
[SourceTitle "BritBase"]
[Source "John Saunders"]
[SourceDate "2024.03.28"]
[SourceVersion "1"]
[SourceVersionDate "2024.03.28"]
[SourceQuality "1"]

1. d4 d6 2. e4 Nf6 3. Nc3 e5 4. Nf3 Nbd7 5. Bc4 Be7 6. O-O O-O 7. a4 c6 8. h3
b6 9. Qe2 a6 10. Rd1 Qc7 11. Nh4 exd4 12. Nf5 Ne5 13. Nxe7+ Qxe7 14. Rxd4 Nxc4
15. Qxc4 Bb7 16. Bg5 h6 17. Bh4 c5 18. Rd2 b5 19. Qf1 b4 20. Nd5 Bxd5 21. exd5
Rfe8 22. f4 Qe3+ 23. Qf2 Qxf2+ 24. Rxf2 Nxd5 25. Rd1 Nb6 26. b3 Re6 27. f5 Re4
28. Bg3 Rd8 29. Rxd6 Rxd6 30. Bxd6 Nd7 31. Rd2 c4 32. Kf2 cxb3 33. cxb3 Re8 34.
Kf3 Ne5+ 35. Bxe5 Rxe5 36. g4 Rc5 37. Rd3 Kf8 38. Ke4 Ke7 39. Rd4 Rc3 40. Rxb4
Rxh3 41. Rb6 a5 42. Kf4 Rc3 43. Rb5 Kf6 44. Rb6+ Ke7 45. Ke4 Rg3 46. Kf4 Rc3
47. Rb7+ Kf6 48. Rb5 Ke7 49. Re5+ Kf6 50. Re3 Rc5 51. Rd3 Ke7 52. Ke4 Rc2 53.
Ke5 Re2+ 54. Kd5 Rg2 55. Rd4 Rb2 56. Kc4 Kf6 57. Rd5 Kg5 58. Rxa5 Kxg4 59. Rd5
h5 60. a5 h4 61. a6 h3 62. b4 h2 63. Rd1 Ra2 64. b5 Kxf5 65. Kc5 g5 66. Kb6 g4
67. a7 g3 68. Kb7 g2 69. Rd2 Rxa7+ 70. Kxa7 g1=Q+ 0-1